Marketing in the Tourism Industry <The> Promotion of Destination Regions

Salvato in:
Dettagli Bibliografici
Altri autori: Goodall, Brian, Ashworth, Gregory
Natura: Libro
Lingua:inglese
Pubblicazione: London Routledge 1990
Edizione:1. ed.
Tags: Aggiungi Tag
Nessun Tag, puoi essere il primo ad aggiungerne!!

MARC

LEADER 00000nam a2200000 4500
001 c033308
005 20221215114134.7
041 0 |a eng 
044 |a GB 
245 1 0 |a Marketing in the Tourism Industry  |b <The> Promotion of Destination Regions  |c Edit. Brian Goodall, Gregory Ashworth 
250 |a 1. ed. 
264 1 |a London  |b Routledge  |c 1990 
300 |a 244 s. 
700 1 |a Goodall, Brian 
700 1 |a Ashworth, Gregory